[Event "ODJM B 2019"]
[Site "Willingen GER"]
[Date "2019.06.12"]
[Round "6"]
[White "Peglau, Sarah"]
[Black "Hövert, Kai"]
[Result "0-1"]
[Termination "normal"]
[Board "29"]
[WhiteElo "1471"]
[BlackElo "1536"]
[PlyCount "60"]
[WhiteFideId "16219961"]
[BlackFideId "16266056"]
[EventCountry "GER"]
[EventRounds "9"]
[EventType "swiss"]
[EventDate "2019.06.08"]

1. e4 c5 2. Nf3 d6 3. d4 cxd4 4. Nxd4 Nf6 5. f3 g6 6. Be3 Bg7 7. Nc3 O-O 8. Qd2
Nc6 9. g4 Nxd4 10. Bxd4 Be6 11. h4 h5 12. Bxf6 Bxf6 13. gxh5 Kg7 14. hxg6 fxg6
15. h5 Rh8 16. Qg2 Bf7 17. f4 Qa5 18. O-O-O Rxh5 19. Rxh5 Qxh5 20. Nd5 Bxb2+
21. Kd2 Bxd5 22. exd5 Qf5 23. Qf3 Rf8 24. Rb1 Be5 25. Rxb7 Bxf4+ 26. Kd1 Qe5
27. Bd3 Be3 28. Qg4 Bg5 29. Qe4 Qa1+ 30. Ke2 Qf1# 0-1

[Event "ODJM B 2019"]
[Site "Willingen GER"]
[Date "2019.06.12"]
[Round "6"]
[White "Hallfarth, Luise"]
[Black "Reuter, Max"]
[Result "0-1"]
[Termination "normal"]
[Board "30"]
[WhiteElo "1518"]
[BlackElo "1545"]
[PlyCount "60"]
[WhiteFideId "16250222"]
[BlackFideId "16263715"]
[EventCountry "GER"]
[EventRounds "9"]
[EventType "swiss"]
[EventDate "2019.06.08"]

1. e4 c5 2. Nf3 e6 3. d4 cxd4 4. Nxd4 a6 5. Nc3 Qc7 6. Be2 Nf6 7. Be3 Bb4 8.
Qd3 Nxe4 9. Bd2 Nxc3 10. Bxc3 Bxc3+ 11. Qxc3 Qxc3+ 12. bxc3 Nc6 13. Rb1 O-O 14.
O-O Ne7 15. Rfd1 Rd8 16. Rd3 e5 17. Nb3 d5 18. Nc5 b5 19. Rb4 Bf5 20. Rd2 Nc6
21. Rh4 Na5 22. Bd3 Bg6 23. Re2 e4 24. Nxe4 dxe4 25. Rexe4 Bxe4 26. Rxe4 g6 27.
h3 Rdc8 28. c4 Nxc4 29. Bxc4 Rxc4 30. Rxc4 bxc4 0-1

[Event "ODJM B 2019"]
[Site "Willingen GER"]
[Date "2019.06.12"]
[Round "6"]
[White "Reuter, Marek"]
[Black "Lange, Malina"]
[Result "0-1"]
[Termination "normal"]
[Board "31"]
[WhiteElo "1553"]
[BlackElo "1562"]
[PlyCount "48"]
[WhiteFideId "16226712"]
[BlackFideId "16228952"]
[EventCountry "GER"]
[EventRounds "9"]
[EventType "swiss"]
[EventDate "2019.06.08"]

1. e4 e5 2. Bc4 Nc6 3. Nf3 Bc5 4. c3 Nf6 5. d4 exd4 6. cxd4 Bb4+ 7. Bd2 Bxd2+
8. Nbxd2 d5 9. exd5 Nxd5 10. O-O O-O 11. Rc1 Bg4 12. h3 Bh5 13. Bxd5 Qxd5 14.
Rc5 Bxf3 15. Nxf3 Qxa2 16. d5 Rfd8 17. dxc6 Rxd1 18. cxb7 Rxf1+ 19. Kh2 Rb8 20.
Rxc7 Qe6 21. g3 Rxf2+ 22. Kg1 Rxf3 23. Rc2 Qe1+ 24. Kg2 Qxg3+ 0-1

[Event "ODJM B 2019"]
[Site "Willingen GER"]
[Date "2019.06.12"]
[Round "6"]
[White "Stepanov, Maximilian"]
[Black "Bardorz, Stefan"]
[Result "1/2-1/2"]
[Termination "normal"]
[Board "32"]
[WhiteElo "1615"]
[BlackElo "1646"]
[PlyCount "42"]
[WhiteFideId "16244680"]
[BlackFideId "16245474"]
[EventCountry "GER"]
[EventRounds "9"]
[EventType "swiss"]
[EventDate "2019.06.08"]

1. d4 d5 2. c4 e6 3. Nc3 Nf6 4. cxd5 exd5 5. Bg5 c6 6. e3 Be7 7. Bd3 O-O 8. Qc2
Nbd7 9. Nf3 Re8 10. h3 Nf8 11. O-O Ne4 12. Bf4 Bd6 13. Bxd6 Nxd6 14. b4 Qf6 15.
b5 Bxh3 16. bxc6 bxc6 17. Ne5 Bxg2 18. Kxg2 Qg5+ 19. Kf3 Qh5+ 20. Kg2 Qg5+ 21.
Kf3 Qh5+ 1/2-1/2

[Event "ODJM B 2019"]
[Site "Willingen GER"]
[Date "2019.06.12"]
[Round "6"]
[White "Scheidt, Mike Niklas"]
[Black "Hoppe, Nico"]
[Result "1/2-1/2"]
[Termination "normal"]
[Board "33"]
[WhiteElo "1557"]
[BlackElo "1692"]
[PlyCount "41"]
[WhiteFideId "12965235"]
[BlackFideId "16225520"]
[EventCountry "GER"]
[EventRounds "9"]
[EventType "swiss"]
[EventDate "2019.06.08"]

1. d4 Nf6 2. Nc3 g6 3. Bf4 Bg7 4. e4 d6 5. Qd2 O-O 6. h4 c5 7. Nge2 b6 8. f3
Ba6 9. Bh6 cxd4 10. Nxd4 Bxf1 11. Kxf1 Nbd7 12. h5 Nxh5 13. Nc6 Qe8 14. Rxh5
Nf6 15. Bxg7 Kxg7 16. Qh6+ Kh8 17. Rh3 Qxc6 18. g4 Rg8 19. Kg2 Rg7 20. Rah1 Rc8
21. Qf4 1/2-1/2

[Event "ODJM B 2019"]
[Site "Willingen GER"]
[Date "2019.06.12"]
[Round "6"]
[White "Schulze, Lukas"]
[Black "Halle, Julia"]
[Result "1-0"]
[Termination "normal"]
[Board "34"]
[WhiteElo "1643"]
[BlackElo "1634"]
[PlyCount "63"]
[WhiteFideId "12956856"]
[BlackFideId "24694940"]
[EventCountry "GER"]
[EventRounds "9"]
[EventType "swiss"]
[EventDate "2019.06.08"]

1. Nf3 d5 2. d4 e6 3. c4 Nf6 4. g3 dxc4 5. Qa4+ Nbd7 6. Qxc4 c5 7. Bg2 b6 8.
dxc5 Bxc5 9. Ng5 Rb8 10. Bf4 b5 11. Qc3 Rb6 12. b4 Bd6 13. Bxd6 Rxd6 14. Ne4
Rb6 15. O-O O-O 16. Rd1 Nd5 17. Qb2 Qe7 18. a3 Bb7 19. Nbc3 Nxc3 20. Nxc3 Bxg2
21. Kxg2 a6 22. Rac1 f5 23. e3 Nf6 24. Ne2 e5 25. Rc5 Qb7+ 26. Kg1 Ng4 27. Rcd5
Qf7 28. Rd7 Qe8 29. Qd2 Rb8 30. Qd6 Rf6 31. Qc7 Rf7 32. Rxf7 1-0

[Event "ODJM B 2019"]
[Site "Willingen GER"]
[Date "2019.06.12"]
[Round "6"]
[White "Bräutigam, Alexander"]
[Black "Rabe, Maximilian"]
[Result "1/2-1/2"]
[Termination "normal"]
[Board "35"]
[WhiteElo "1396"]
[BlackElo "1628"]
[PlyCount "41"]
[WhiteFideId "16245210"]
[BlackFideId "12982911"]
[EventCountry "GER"]
[EventRounds "9"]
[EventType "swiss"]
[EventDate "2019.06.08"]

1. d4 b5 2. Bf4 d5 3. Nf3 Nf6 4. e3 a6 5. a3 e6 6. Bd3 c5 7. Nbd2 c4 8. Be2 Nc6
9. c3 Bd6 10. Bxd6 Qxd6 11. b4 O-O 12. O-O Bd7 13. h3 a5 14. Qc2 axb4 15. axb4
h6 16. Ra2 Rxa2 17. Qxa2 Qc7 18. Ra1 Nh7 19. Nf1 f5 20. N3h2 Nf6 21. f4 1/2-1/2

[Event "ODJM B 2019"]
[Site "Willingen GER"]
[Date "2019.06.12"]
[Round "6"]
[White "Tran, Minh Dat"]
[Black "Unbehend, Marius"]
[Result "1/2-1/2"]
[Termination "normal"]
[Board "36"]
[WhiteElo "1573"]
[BlackElo "1395"]
[PlyCount "46"]
[WhiteFideId "16244702"]
[BlackFideId "16214420"]
[EventCountry "GER"]
[EventRounds "9"]
[EventType "swiss"]
[EventDate "2019.06.08"]

1. c4 e6 2. Nc3 Bb4 3. Nf3 f5 4. d4 Nf6 5. Bd2 d5 6. cxd5 exd5 7. e3 c6 8. Ne2
Bd6 9. g3 Ne4 10. Nc3 O-O 11. Bg2 Qe7 12. O-O Nd7 13. Rb1 Ndf6 14. a3 Bd7 15.
Na2 Nxd2 16. Nxd2 Ne4 17. Nc1 Rfc8 18. Nd3 Kh8 19. Nf3 Be8 20. Nfe5 Bxe5 21.
Nxe5 Nf6 22. b4 Nd7 23. Nxd7 Bxd7 1/2-1/2

[Event "ODJM B 2019"]
[Site "Willingen GER"]
[Date "2019.06.12"]
[Round "6"]
[White "Linnemann, Caspar"]
[Black "Cheredzhiyska, Iva"]
[Result "0-1"]
[Termination "normal"]
[Board "37"]
[WhiteElo "1239"]
[BlackElo "1581"]
[PlyCount "122"]
[WhiteFideId "16200284"]
[BlackFideId "16241622"]
[EventCountry "GER"]
[EventRounds "9"]
[EventType "swiss"]
[EventDate "2019.06.08"]

1. e4 e5 2. Nf3 Nc6 3. Nc3 Nf6 4. d4 exd4 5. Nxd4 Bc5 6. Be3 Bb6 7. Be2 O-O 8.
O-O Re8 9. f3 d5 10. Bf2 dxe4 11. Nxc6 Bxf2+ 12. Rxf2 bxc6 13. Qxd8 Rxd8 14.
fxe4 Be6 15. Bf3 Rab8 16. b3 Ng4 17. Bxg4 Bxg4 18. Raf1 Bh5 19. h3 Bg6 20. Re2
Re8 21. Rd1 Re7 22. Red2 Rbe8 23. Rd7 Kf8 24. Rxe7 Kxe7 25. Rd4 f6 26. Ra4 Ra8
27. Kf2 Be8 28. Rd4 Rd8 29. Rxd8 Kxd8 30. Ke3 Kd7 31. g4 Kd6 32. Ne2 Bf7 33.
Nd4 g6 34. a3 a6 35. b4 c5 36. bxc5+ Kxc5 37. Nb3+ Kc4 38. Kd2 Be8 39. Na5+ Kd4
40. Nb7 Bb5 41. c3+ Kxe4 42. a4 Bc4 43. Nc5+ Kf4 44. Nd7 Kg5 45. Nf8 Bg8 46.
Nd7 h5 47. gxh5 gxh5 48. h4+ Kxh4 49. Nxf6 Bf7 50. a5 Kg5 51. Nxh5 Kxh5 52. Kd3
Kg6 53. Kd4 Kf6 54. Kc5 Be8 55. c4 Ke5 56. Kb4 Kd6 57. Kb3 c5 58. Kc3 Bf7 59.
Kb3 Bxc4+ 60. Kxc4 Kc6 61. Kb3 Kb5 0-1

[Event "ODJM B 2019"]
[Site "Willingen GER"]
[Date "2019.06.12"]
[Round "6"]
[White "Ewerhardy, Moritz"]
[Black "Bendtschneider, Nils"]
[Result "1-0"]
[Termination "normal"]
[Board "38"]
[WhiteElo "1654"]
[BlackElo "1219"]
[PlyCount "121"]
[WhiteFideId "36052086"]
[BlackFideId "16245180"]
[EventCountry "GER"]
[EventRounds "9"]
[EventType "swiss"]
[EventDate "2019.06.08"]

1. d4 d5 2. c4 e6 3. Nc3 Nf6 4. Bf4 c5 5. e3 Nc6 6. Nf3 Be7 7. Bd3 Nh5 8. Bg3
Nxg3 9. hxg3 h6 10. O-O cxd4 11. exd4 Bf6 12. cxd5 exd5 13. Re1+ Be7 14. Qb3
O-O 15. Nxd5 Bd6 16. Nc3 Bg4 17. Nh2 Be6 18. Qxb7 Bd5 19. Nxd5 Na5 20. Qa6 Rb8
21. b3 Ba3 22. Be4 Re8 23. Bf3 Rxe1+ 24. Rxe1 Bd6 25. Qxa7 Nc6 26. Qa4 Ne7 27.
Nxe7+ Bxe7 28. Qa7 Bf6 29. Bc6 Bxd4 30. Qxb8 Qxb8 31. Re8+ Qxe8 32. Bxe8 h5 33.
Nf3 Bc5 34. Kf1 Kf8 35. Bb5 f6 36. Ke2 Ke7 37. a4 Kd6 38. Nd2 Kd5 39. a5 g5 40.
a6 f5 41. b4 Ba7 42. Bc4+ Ke5 43. f3 g4 44. f4+ Kd6 45. b5 Kc5 46. Kd3 Kb6 47.
Nb3 Bb8 48. Nd4 Bxf4 49. gxf4 h4 50. Nxf5 h3 51. gxh3 gxh3 52. Ng3 h2 53. f5
Kc7 54. f6 h1=Q 55. Nxh1 Kb6 56. f7 Kc7 57. f8=Q Kd7 58. Qf6 Kc7 59. b6+ Kc8
60. Be6+ Kb8 61. Qd8# 1-0

[Event "ODJM B 2019"]
[Site "Willingen GER"]
[Date "2019.06.12"]
[Round "6"]
[White "von Jan, Lena"]
[Black "Grunert, Wilhelm"]
[Result "1-0"]
[Termination "normal"]
[Board "39"]
[WhiteElo "1512"]
[BlackElo "1749"]
[PlyCount "77"]
[WhiteFideId "12946060"]
[BlackFideId "12995673"]
[EventCountry "GER"]
[EventRounds "9"]
[EventType "swiss"]
[EventDate "2019.06.08"]

1. e4 c5 2. Nf3 Nc6 3. Bb5 g6 4. O-O Bg7 5. c3 Nf6 6. Re1 O-O 7. d4 cxd4 8.
Nxd4 Nxd4 9. Qxd4 Ng4 10. Qd3 Qc7 11. Qg3 d6 12. h3 Ne5 13. Ba4 Be6 14. Nd2
Rfc8 15. Bb3 Nc4 16. Nxc4 Bxc4 17. Bxc4 Qxc4 18. Qh4 Rc7 19. Bg5 Re8 20. Kh1
Qb5 21. Rab1 Rc5 22. Be3 Rh5 23. Qg4 Bh6 24. Bd4 Rg5 25. Qf3 Rc8 26. Be3 Rh5
27. Bxh6 Rxh6 28. Qe3 Rh5 29. Qxa7 Rcc5 30. Qa8+ Kg7 31. Re3 Rce5 32. Qa7 d5
33. Qd4 Kg8 34. exd5 Rxd5 35. Qe4 e6 36. c4 Qa5 37. cxd5 exd5 38. Qd4 Qb5 39.
Rbe1 1-0

[Event "ODJM B 2019"]
[Site "Willingen GER"]
[Date "2019.06.12"]
[Round "6"]
[White "Raasch, Hauke"]
[Black "Mainka, Ingmar"]
[Result "0-1"]
[Termination "normal"]
[Board "40"]
[WhiteElo "1614"]
[BlackElo "1209"]
[PlyCount "112"]
[WhiteFideId "16210034"]
[BlackFideId "16254937"]
[EventCountry "GER"]
[EventRounds "9"]
[EventType "swiss"]
[EventDate "2019.06.08"]

1. d4 d5 2. Nc3 e6 3. Bf4 Bb4 4. e3 Nf6 5. Bd3 Nbd7 6. Nf3 O-O 7. O-O c5 8. Bd6
Re8 9. Nb5 Qb6 10. c3 c4 11. Bxb4 Qxb5 12. Bc2 Qc6 13. a4 Nf8 14. a5 Bd7 15.
Ne5 Qc7 16. f4 b6 17. g4 Ne4 18. g5 f6 19. Nxd7 Qxd7 20. Bxe4 dxe4 21. gxf6
gxf6 22. Bxf8 Rxf8 23. Kh1 Kh8 24. Qh5 f5 25. Rg1 b5 26. Rg3 a6 27. Qh4 Qf7 28.
Rag1 Rg8 29. Rxg8+ Rxg8 30. Rxg8+ Kxg8 31. Kg2 Kg7 32. Kg3 Qg6+ 33. Kh3 h5 34.
Qe7+ Kh6 35. Qf8+ Qg7 36. Qxg7+ Kxg7 37. Kg3 Kg6 38. Kf2 Kf7 39. Ke2 Ke7 40.
Kd2 Kd6 41. Kc2 Kd5 42. Kb1 Kc6 43. Ka2 h4 44. Ka3 Kd6 45. Kb4 h3 46. Ka3 Kd5
47. Ka2 Kc6 48. Kb1 b4 49. Ka2 Kb5 50. Kb1 Kxa5 51. Ka2 Ka4 52. b3+ cxb3+ 53.
Kb1 bxc3 54. d5 exd5 55. Ka1 Ka3 56. Kb1 c2+ 0-1

[Event "ODJM B 2019"]
[Site "Willingen GER"]
[Date "2019.06.12"]
[Round "6"]
[White "John, Niklas"]
[Black "Feidt, Jonas"]
[Result "1/2-1/2"]
[Termination "normal"]
[Board "41"]
[WhiteElo "1324"]
[BlackElo "1622"]
[PlyCount "52"]
[WhiteFideId "16234626"]
[BlackFideId "16243617"]
[EventCountry "GER"]
[EventRounds "9"]
[EventType "swiss"]
[EventDate "2019.06.08"]

1. e4 c6 2. d4 d5 3. Nd2 dxe4 4. Nxe4 Bf5 5. Ng3 Bg6 6. Nf3 Nd7 7. Bf4 e6 8.
Bd3 Ngf6 9. O-O Be7 10. c4 O-O 11. Re1 Re8 12. Bxg6 hxg6 13. Qd3 Nb6 14. Rad1
c5 15. Qb3 Qc8 16. Re2 Rd8 17. Rc2 cxd4 18. Rxd4 Bc5 19. Rxd8+ Qxd8 20. Rd2 Qe7
21. Bg5 Rd8 22. Bxf6 gxf6 23. Rxd8+ Qxd8 24. Ne4 Be7 25. g3 Qc7 26. Ned2 Qc5
1/2-1/2

[Event "ODJM B 2019"]
[Site "Willingen GER"]
[Date "2019.06.12"]
[Round "6"]
[White "Abou Wally, Adrian"]
[Black "Diegel, Yannick"]
[Result "1/2-1/2"]
[Termination "normal"]
[Board "42"]
[WhiteElo "1342"]
[BlackElo "1411"]
[PlyCount "41"]
[WhiteFideId "16245113"]
[BlackFideId "16222563"]
[EventCountry "GER"]
[EventRounds "9"]
[EventType "swiss"]
[EventDate "2019.06.08"]

1. e4 c5 2. Nc3 Nc6 3. Bb5 g6 4. Bxc6 bxc6 5. Nf3 Bg7 6. O-O d6 7. d3 Nf6 8.
Bd2 O-O 9. Qc1 Ba6 10. Bh6 Rb8 11. Bxg7 Kxg7 12. Re1 c4 13. d4 Qb6 14. b3 Rfe8
15. Rb1 Qa5 16. Qd2 Qc7 17. h3 Nd7 18. Rbd1 cxb3 19. cxb3 Red8 20. Qc2 e5 21.
dxe5 1/2-1/2

[Event "ODJM B 2019"]
[Site "Willingen GER"]
[Date "2019.06.12"]
[Round "6"]
[White "Keck, Johannes"]
[Black "Winterberg, Johanna"]
[Result "0-1"]
[Termination "normal"]
[Board "43"]
[WhiteElo "1402"]
[BlackElo "1742"]
[PlyCount "74"]
[WhiteFideId "16258746"]
[BlackFideId "12929344"]
[EventCountry "GER"]
[EventRounds "9"]
[EventType "swiss"]
[EventDate "2019.06.08"]

1. e4 c5 2. Nc3 Nc6 3. g3 g6 4. Bg2 Bg7 5. Nge2 e6 6. d3 Nge7 7. O-O O-O 8. f4
d6 9. h4 Rb8 10. Kh2 b5 11. Ng1 b4 12. Nce2 Qb6 13. g4 f5 14. g5 a5 15. Ng3 a4
16. h5 b3 17. c3 a3 18. axb3 axb2 19. Bxb2 Qxb3 20. Qxb3 Rxb3 21. Rfb1 Bxc3 22.
Bxc3 Rxc3 23. exf5 exf5 24. Rb6 Bd7 25. Ra7 Nxa7 26. Rb7 Bc6 27. Rxe7 Bxg2 28.
Kxg2 Nc6 29. Rc7 Nd4 30. h6 Ne6 31. Re7 Nxf4+ 32. Kh1 Rxd3 33. Rg7+ Kh8 34.
N3e2 Ne6 35. Re7 Nxg5 36. Nf4 Rd2 37. Ngh3 Nf3 0-1

[Event "ODJM B 2019"]
[Site "Willingen GER"]
[Date "2019.06.12"]
[Round "6"]
[White "Kamleiter, Noah"]
[Black "Obciety, Sandra"]
[Result "0-1"]
[Termination "normal"]
[Board "44"]
[WhiteElo "1457"]
[BlackElo "1619"]
[PlyCount "52"]
[WhiteFideId "16265815"]
[BlackFideId "16213157"]
[EventCountry "GER"]
[EventRounds "9"]
[EventType "swiss"]
[EventDate "2019.06.08"]

1. e4 e5 2. Nf3 Nc6 3. Bb5 a6 4. Ba4 Nf6 5. d4 exd4 6. O-O Be7 7. e5 Nd5 8. c3
Nb6 9. cxd4 Nxa4 10. Qxa4 O-O 11. d5 Nb4 12. d6 cxd6 13. Qxb4 dxe5 14. Qe4 d6
15. Rd1 Qc7 16. Nc3 f5 17. Qd5+ Kh8 18. Bg5 Bxg5 19. Nxg5 Rf6 20. Rac1 Qe7 21.
Qb3 Rf8 22. Nf3 Be6 23. Qb6 e4 24. Rxd6 exf3 25. Rxe6 Qg5 26. g3 Qxc1+ 0-1

[Event "ODJM B 2019"]
[Site "Willingen GER"]
[Date "2019.06.12"]
[Round "6"]
[White "Schilay, Maria"]
[Black "Borgmann, Simon"]
[Result "1/2-1/2"]
[Termination "normal"]
[Board "45"]
[WhiteElo "1415"]
[BlackElo "1583"]
[PlyCount "42"]
[WhiteFideId "12942979"]
[BlackFideId "16234677"]
[EventCountry "GER"]
[EventRounds "9"]
[EventType "swiss"]
[EventDate "2019.06.08"]

1. e4 d5 2. exd5 Qxd5 3. Nc3 Qa5 4. d4 c6 5. Nf3 Nf6 6. Bc4 Bf5 7. Ne5 e6 8.
O-O Be7 9. Be3 O-O 10. a3 Qc7 11. f4 Nbd7 12. Bd3 Bxd3 13. Qxd3 Rfd8 14. Qe2
Nf8 15. Rad1 c5 16. dxc5 Bxc5 17. Bxc5 Qxc5+ 18. Kh1 Qb6 19. Qb5 Qxb5 20. Nxb5
Rxd1 21. Rxd1 Ne4 1/2-1/2

[Event "ODJM B 2019"]
[Site "Willingen GER"]
[Date "2019.06.12"]
[Round "6"]
[White "Kuschminder, Paul"]
[Black "Lohrmann, Linus"]
[Result "1-0"]
[Termination "normal"]
[Board "46"]
[WhiteElo "1495"]
[BlackElo "1366"]
[PlyCount "123"]
[WhiteFideId "16252551"]
[BlackFideId "12982857"]
[EventCountry "GER"]
[EventRounds "9"]
[EventType "swiss"]
[EventDate "2019.06.08"]

1. d4 d5 2. Nf3 Nc6 3. c4 Nf6 4. Nc3 e6 5. Bg5 Be7 6. e3 h6 7. Bh4 Bd7 8. Bd3
Nb4 9. Bb1 dxc4 10. a3 Nd3+ 11. Bxd3 cxd3 12. Qxd3 Nd5 13. Bg3 a6 14. O-O b5
15. b4 Bc6 16. Ne5 Bb7 17. Ne4 Nf6 18. Nc5 Bd5 19. Rfc1 Bxc5 20. Rxc5 Ne4 21.
Rcc1 Nxg3 22. hxg3 h5 23. e4 Bb7 24. d5 Rc8 25. dxe6 Qxd3 26. exf7+ Kf8 27.
Nxd3 Kxf7 28. f3 h4 29. gxh4 Rxh4 30. Nc5 Rb8 31. Nxb7 Rxb7 32. Rc6 Ra7 33.
Rac1 Kf8 34. Rxc7 Rxc7 35. Rxc7 Rh6 36. Kf2 Rd6 37. Rc3 Kf7 38. Ke3 Kf6 39. f4
Ke6 40. f5+ Kf6 41. Kf4 Kf7 42. g4 g6 43. Ke5 Rb6 44. Rc7+ Kf8 45. g5 Ke8 46.
Kd5 gxf5 47. exf5 Rb8 48. g6 Rd8+ 49. Ke6 Kf8 50. Rf7+ Ke8 51. Re7+ Kf8 52. g7+
Kg8 53. f6 Kh7 54. Kf7 Rc8 55. Re8 Rc7+ 56. Kf8 Kg6 57. g8=Q+ Kxf6 58. Re6+ Kf5
59. Qg6+ Kf4 60. Qe4+ Kg5 61. Rg6+ Kh5 62. Qg4# 1-0

[Event "ODJM B 2019"]
[Site "Willingen GER"]
[Date "2019.06.12"]
[Round "6"]
[White "Rempe, Mieke"]
[Black "Hungeling, David"]
[Result "0-1"]
[Termination "normal"]
[Board "47"]
[WhiteElo "1469"]
[BlackElo "1566"]
[PlyCount "84"]
[WhiteFideId "16202384"]
[BlackFideId "16222440"]
[EventCountry "GER"]
[EventRounds "9"]
[EventType "swiss"]
[EventDate "2019.06.08"]

1. e4 e6 2. d4 d5 3. exd5 exd5 4. Nf3 Bd6 5. c4 Nf6 6. c5 Be7 7. Be2 O-O 8. O-O
Nc6 9. Nc3 Re8 10. Bb5 Bd7 11. Qb3 Na5 12. Qa4 c6 13. Bd3 b6 14. Ne5 bxc5 15.
Nxd7 Nxd7 16. Nxd5 cxd5 17. Bb5 Nf6 18. Bxe8 Nxe8 19. dxc5 Bxc5 20. b4 Bd4 21.
Rb1 Nc4 22. Re1 Nf6 23. Bg5 h6 24. Rbd1 Nb2 25. Bxf6 Bxf6 26. Qb3 Nxd1 27. Rxd1
d4 28. Qf3 Rc8 29. g3 Rc3 30. Qe4 d3 31. Kf1 d2 32. Qb1 Qd3+ 33. Qxd3 Rxd3 34.
Ke2 Rd4 35. Rxd2 Rxd2+ 36. Kxd2 Kf8 37. Kd3 Ke7 38. Kc4 Kd6 39. Kb5 Kc7 40. Ka6
Kb8 41. a4 Bd4 42. f4 Bg1 0-1

[Event "ODJM B 2019"]
[Site "Willingen GER"]
[Date "2019.06.12"]
[Round "6"]
[White "Lau, Theodor"]
[Black "Paqarizi, Endrit"]
[Result "1/2-1/2"]
[Termination "normal"]
[Board "48"]
[WhiteElo "1670"]
[BlackElo "1414"]
[PlyCount "41"]
[WhiteFideId "12946524"]
[BlackFideId "16235827"]
[EventCountry "GER"]
[EventRounds "9"]
[EventType "swiss"]
[EventDate "2019.06.08"]

1. e4 c5 2. Nf3 e6 3. d4 cxd4 4. Nxd4 Nc6 5. Nc3 a6 6. Be2 Qc7 7. Be3 Bb4 8.
Qd2 Nf6 9. f3 Ne5 10. O-O O-O 11. a3 Bxc3 12. Qxc3 Qxc3 13. bxc3 d5 14. f4 Nc4
15. Bxc4 dxc4 16. e5 Ne4 17. Ne2 Bd7 18. Bb6 Bc6 19. Ba5 f6 20. Nd4 Bd5 21. Nf3
1/2-1/2

[Event "ODJM B 2019"]
[Site "Willingen GER"]
[Date "2019.06.12"]
[Round "6"]
[White "Seliokaite, Ana"]
[Black "Borriss, Benjamin"]
[Result "1-0"]
[Termination "normal"]
[Board "49"]
[WhiteElo "1464"]
[BlackElo "1475"]
[PlyCount "49"]
[WhiteFideId "16224817"]
[BlackFideId "16266099"]
[EventCountry "GER"]
[EventRounds "9"]
[EventType "swiss"]
[EventDate "2019.06.08"]

1. e4 e5 2. Nf3 Nc6 3. Bc4 Nf6 4. d4 exd4 5. O-O Bc5 6. e5 d5 7. exf6 dxc4 8.
Re1+ Be6 9. Ng5 Qd5 10. Nc3 Qd6 11. fxg7 Rg8 12. Nce4 Qe5 13. Nxf7 Qxg7 14. Qf3
Ne5 15. Nxe5 Be7 16. Nxc4 O-O-O 17. Ned6+ cxd6 18. Rxe6 Rdf8 19. Qh3 Kc7 20.
Bh6 Qf7 21. Bxf8 Rxf8 22. Rf1 Qg7 23. Qg3 Qf7 24. Rfe1 Kd7 25. Rxe7+ 1-0

[Event "ODJM B 2019"]
[Site "Willingen GER"]
[Date "2019.06.12"]
[Round "6"]
[White "Rohde, Ragnar"]
[Black "Kruse, Hannes"]
[Result "0-1"]
[Termination "normal"]
[Board "51"]
[WhiteElo "1501"]
[BlackElo "1362"]
[PlyCount "90"]
[WhiteFideId "16287495"]
[BlackFideId "16254660"]
[EventCountry "GER"]
[EventRounds "9"]
[EventType "swiss"]
[EventDate "2019.06.08"]

1. e4 e5 2. Bc4 Nf6 3. Nf3 Bc5 4. d3 d6 5. O-O Nc6 6. Re1 Bg4 7. Nbd2 Qd7 8. c3
O-O 9. h3 Be6 10. Bb3 Ne7 11. Nf1 Ng6 12. Ng3 Rae8 13. d4 exd4 14. cxd4 Bxb3
15. Qxb3 Bb6 16. Bd2 Re7 17. Re2 Rfe8 18. Rae1 c6 19. Bg5 Re6 20. Qd3 h6 21.
Bd2 Qd8 22. Qb3 R8e7 23. Qd3 Ba5 24. b4 Bb6 25. Nh2 Re8 26. f4 R6e7 27. Kh1 Rd7
28. Nf5 c5 29. bxc5 dxc5 30. d5 Ba5 31. Nf3 Bxd2 32. Qxd2 Qb8 33. g3 Ne7 34.
Ne5 Rdd8 35. Nxe7+ Rxe7 36. Kg2 Nd7 37. Nxd7 Rexd7 38. Rd1 b5 39. e5 Qb7 40.
Qc2 Rxd5 41. Rxd5 Qxd5+ 42. Kh2 c4 43. Qb1 Qd3 44. Qe1 c3 45. f5 Qxe2+ 0-1

[Event "ODJM B 2019"]
[Site "Willingen GER"]
[Date "2019.06.12"]
[Round "6"]
[White "Hierl, Johannes"]
[Black "Richter, Tim"]
[Result "1-0"]
[Termination "normal"]
[Board "52"]
[WhiteElo "1327"]
[BlackElo "1473"]
[PlyCount "87"]
[WhiteFideId "16235096"]
[BlackFideId "16272641"]
[EventCountry "GER"]
[EventRounds "9"]
[EventType "swiss"]
[EventDate "2019.06.08"]

1. d4 Nf6 2. Bf4 g6 3. c3 Bg7 4. e3 d5 5. Nd2 Nbd7 6. Ngf3 c5 7. Bd3 c4 8. Bc2
a6 9. O-O b5 10. e4 O-O 11. exd5 Nxd5 12. Bg3 Bb7 13. Re1 Re8 14. Qe2 e6 15.
Ne4 Bf8 16. Nd6 Bxd6 17. Bxd6 Qb6 18. Bg3 Rac8 19. Be4 N5f6 20. Bxb7 Qxb7 21.
Qd2 Ne4 22. Qh6 Nxg3 23. hxg3 Qd5 24. Ng5 Nf8 25. Ne4 Nd7 26. f3 Re7 27. Qh4
Rce8 28. Kf2 e5 29. Rad1 exd4 30. Rxd4 Qe6 31. Rxd7 Kg7 32. Rxe7 Rxe7 33. Rd1
f5 34. Rd6 fxe4 35. Rxe6 Rxe6 36. fxe4 Re5 37. Ke3 h6 38. Qf4 Re6 39. Qc7+ Kf6
40. e5+ Rxe5+ 41. Kd4 Re7 42. Qd6+ Re6 43. Qf8+ Kg5 44. Qf4+ 1-0

[Event "ODJM B 2019"]
[Site "Willingen GER"]
[Date "2019.06.12"]
[Round "6"]
[White "Schneble, Milan"]
[Black "Hoffmann, Alexander"]
[Result "1/2-1/2"]
[Termination "normal"]
[Board "53"]
[WhiteElo "1425"]
[BlackElo "1631"]
[PlyCount "59"]
[WhiteFideId "16266102"]
[BlackFideId "16240219"]
[EventCountry "GER"]
[EventRounds "9"]
[EventType "swiss"]
[EventDate "2019.06.08"]

1. e4 e5 2. Nf3 Nc6 3. Bc4 Bc5 4. O-O Nf6 5. d3 d6 6. h3 h6 7. Be3 Bb6 8. c3
O-O 9. Nbd2 Re8 10. Qc2 Be6 11. Rfe1 d5 12. exd5 Bxd5 13. Bxd5 Qxd5 14. Bxb6
axb6 15. c4 Qd6 16. Ne4 Nxe4 17. Rxe4 f6 18. a3 Rad8 19. Ne1 Nd4 20. Qd1 Rd7
21. f4 Kf8 22. fxe5 Rxe5 23. Rxe5 Qxe5 24. Kh1 Qe3 25. Qg4 Re7 26. Qc8+ Kf7 27.
Qxb7 Qf2 28. Qd5+ Kg6 29. Kh2 Qf4+ 30. Kh1 1/2-1/2

[Event "ODJM B 2019"]
[Site "Willingen GER"]
[Date "2019.06.12"]
[Round "6"]
[White "Ostra, Noah"]
[Black "Leithoff, Hans-Georg"]
[Result "1-0"]
[Termination "normal"]
[Board "54"]
[WhiteElo "1773"]
[BlackElo "1527"]
[PlyCount "33"]
[WhiteFideId "16228979"]
[BlackFideId "16223918"]
[EventCountry "GER"]
[EventRounds "9"]
[EventType "swiss"]
[EventDate "2019.06.08"]

1. e4 c5 2. Nf3 d6 3. d4 cxd4 4. Nxd4 Nf6 5. Nc3 a6 6. Bg5 Nbd7 7. f4 Qc7 8.
Qf3 h6 9. Bh4 g5 10. fxg5 hxg5 11. Bxg5 Qc5 12. Be3 Ne5 13. Qg3 Qb4 14. O-O-O
Rg8 15. Qe1 a5 16. Ndb5 a4 17. Nc7+ 1-0